Informe relativo al estado de la industria siderúrgica en España y de las reformas generales requerida para que alcancen la debida estensión [sic] a las fábricas de productos derivados y de maquinaria / (Record no. 23227)

MARC details
000 -LEADER
campo de control de longitud fija 00661nam a2200157 i 4500
001 - NÚMERO DE CONTROL
campo de control 23227
003 - IDENTIFICADOR DE NÚMERO DE CONTROL
campo de control ES-MaACL
005 - FECHA Y HORA DE LA ÚLTIMA TRANSACCIÓN
campo de control 20251014063052.0
007 - CAMPO FIJO DE DESCRIPCIÓN FÍSICA--INFORMACIÓN GENERAL
campo de control de longitud fija t|
008 - DATOS DE LONGITUD FIJA--INFORMACIÓN GENERAL
campo de control de longitud fija 021209s1904 sp ||||1| spa d
100 1# - ENTRADA PRINCIPAL--NOMBRE DE PERSONA
Nombre de persona Alzola y Minondo, Pablo de,
Fechas asociadas al nombre 1841-1912
9 (RLIN) 21064
245 10 - MENCIÓN DEL TÍTULO
Título Informe relativo al estado de la industria siderúrgica en España y de las reformas generales requerida para que alcancen la debida estensión [sic] a las fábricas de productos derivados y de maquinaria /
Mención de responsabilidad, etc. Pablo de Alzola y Minondo.
260 ## - PUBLICACIÓN, DISTRIBUCIÓN, ETC.
Lugar de publicación, distribución, etc. Bilbao :
Nombre del editor, distribuidor, etc. [s.n.,
Fecha de publicación, distribución, etc. 1904] (
Fabricante Imp. de la Casa de Misericordia)
852 ## - LOCALIZACIÓN
Ubicación ES-MaACL
Número de control de estantería T-1138-F-11
Holdings
Estatus retirado Estado de pérdida Estado de daño No para préstamo Colección Biblioteca de origen Biblioteca actual Ubicación en estantería Fecha de adquisición Fuente de adquisición Total de préstamos Signatura topográfica completa Código de barras Visto por última vez Precio de reemplazo Tipo de ítem Koha
        Colección de folletos Biblioteca del Ateneo de Madrid Biblioteca del Ateneo de Madrid Depósito folletos 17/01/2008     T-1138-F-11 1023930 23/02/2023 23/02/2023 Folleto